Hottest, coldest, highest, deepest / (Record no. 6459)

MARC details
000 -LEADER
fixed length control field 00976pam a2200289 a 4500
001 - CONTROL NUMBER
control field 6459
003 - CONTROL NUMBER IDENTIFIER
control field FISKH
005 - DATE AND TIME OF LATEST TRANSACTION
control field 20250506090423.0
008 - FIXED-LENGTH DATA ELEMENTS--GENERAL INFORMATION
fixed length control field 971230s1998 mauab b b 000 0 eng
010 ## - LIBRARY OF CONGRESS CONTROL NUMBER
LC control number 97053080
020 ## - INTERNATIONAL STANDARD BOOK NUMBER
International Standard Book Number 0395899990
020 ## - INTERNATIONAL STANDARD BOOK NUMBER
International Standard Book Number 9780618494880
040 ## - CATALOGING SOURCE
Original cataloging agency DLC
Transcribing agency DLC
Modifying agency DLC
Language of cataloging eng
050 ## - LIBRARY OF CONGRESS CALL NUMBER
Classification number G133 .J46
082 ## - DEWEY DECIMAL CLASSIFICATION NUMBER
Classification number 910
100 1# - MAIN ENTRY--PERSONAL NAME
Personal name Jenkins, Steve,
Dates associated with a name 1952-2021.
245 10 - TITLE STATEMENT
Title Hottest, coldest, highest, deepest /
Statement of responsibility, etc. Steve Jenkins.
260 ## - PUBLICATION, DISTRIBUTION, ETC.
Place of publication, distribution, etc. Boston :
Name of publisher, distributor, etc. Houghton Mifflin,
Date of publication, distribution, etc. 1998.
300 ## - PHYSICAL DESCRIPTION
Extent 32 unnumbered pages :
Other physical details color illustrations ; color images ;
Dimensions 21 x 26 cm.
504 ## - BIBLIOGRAPHY, ETC. NOTE
Bibliography, etc. note Includes bibliographical references.
520 ## - SUMMARY, ETC.
Summary, etc. Describes some of the remarkable places on earth, including the hottest, coldest, windiest, snowiest, highest, and deepest.
650 #0 - SUBJECT ADDED ENTRY--TOPICAL TERM
Topical term or geographic name entry element Geography
General subdivision Juvenile literature.
650 #1 - SUBJECT ADDED ENTRY--TOPICAL TERM
Topical term or geographic name entry element Geography
General subdivision Miscellanea.
906 ## - LOCAL DATA ELEMENT F, LDF (RLIN)
a 7
b cbc
c orignew
d 1
e ocip
f 19
g y-gencatlg
942 ## - ADDED ENTRY ELEMENTS (KOHA)
Source of classification or shelving scheme Dewey Decimal Classification
Koha item type Books
Suppress in OPAC No
Holdings
Withdrawn status Lost status Source of classification or shelving scheme Damaged status Not for loan Collection Home library Current library Shelving location Date acquired Total Checkouts Full call number Barcode Date last seen Copy number Price effective from Koha item type
    Dewey Decimal Classification     Non-Fiction Footprints International School Library Network Toul Kork Campus Footprints International School Library Network Toul Kork Campus A TK Campus, 4th Floor, Room B401, Non-Fiction Bookcases(7-8) 05/06/2025   JEN 910 G133 .J46 FISTK01464 05/06/2025 1 05/06/2025 Books